| 000 | 00000nam##2200000za#4500 |
| 001 | 9.651390 |
| 003 | CaOODSP |
| 005 | 20210615114945 |
| 007 | ta |
| 008 | 150407|2008||||xxc||||| f|0| 0 eng|d |
| 020 | |a978-1-100-11281-7 |
| 040 | |aCaOODSP|beng |
| 043 | |an-cn--- |
| 086 | 1 |aF2-184/3-2008E |
| 110 | 1 |aCanada. |bDepartment of Finance. |
| 245 | 10|aEnhancing Canada's international tax advantage - final report / |c[issued by the] Advisory Panel on Canada's System of International Taxation. |
| 260 | |aOttawa - Ontario : |bFinance Canada |cDecember 2008. |
| 300 | |ax, 115p. : |bfigs., tables ; |c28 cm. |
| 563 | |aSoftcover |
| 590 | |a09-48|b2009-11-27 |
| 690 | 07|aFiscal policy|2gcpds |
| 775 | 08|tPromouvoir l'avantage fiscal international du Canada - rapport final / |w(CaOODSP)9.684421 |
| 776 | 0#|tEnhancing Canada's international tax advantage - final report / |w(CaOODSP)9.691621 |